000
00329nam a22001577a 4500
003
SGT
020
_a
978-93-272-9794-2
082
_a
630
_b
RED
100
_a
REDDY, S.R.
245
_a
PRINCIPLES OF AGRONOMY
250
_a
6TH
260
_a
DELHI
_b
KALYANI
_c
2023
300
_a
821
650
_a
AGRONOMY
942
_2
ddc
_c
BK
_0
5
999
_c
25681
_d
25681